000 00215 a2200097 4500
001 26772
100 _aCottrell, A
245 _aAn introduction to mctallurgy
260 _a
_bedward arnold
_c
090 _c18015
_d18015
942 _aNUST-CAE
_cM
_c8909
999 _c261845
_d261845